[Event "IX C.to Europeo a squadre"]
[Site "Haifa ISR"]
[Date "1989.11.??"]
[Round "1.1"]
[White "D'Amore, Carlo"]
[Black "Hellers, Ferdinand"]
[Result "0-1"]
[WhiteElo "2410"]
[BlackElo "2560"]
[Annotator "ITA-SWE"]
[PlyCount "70"]
[EventDate "1989.11.23"]

1. Nf3 Nf6 2. g3 g6 3. b3 Bg7 4. Bb2 O-O 5. Bg2 d6 6. d4 Nbd7 7. O-O e5 8. dxe5
Ng4 9. Nc3 dxe5 10. e3 Re8 11. Qe2 Ngf6 12. Rad1 c6 13. Ng5 Qc7 14. Nxf7 Kxf7
15. Qc4+ Kf8 16. Ba3+ c5 17. Nb5 Qa5 18. f4 e4 19. f5 g5 20. Rxd7 Bxd7 21.
Bxc5+ Re7 22. Nd6 b6 23. Bb4 Qd5 24. Qe2 Kg8 25. Rd1 Qc6 26. c4 Qc7 27. Nb5
Bxb5 28. Bxe7 Qxe7 29. cxb5 Rc8 30. g4 h6 31. h3 Rc3 32. Rd4 Qc5 33. b4 Rc1+
34. Kf2 Qc3 35. Bf1 Rc2 0-1

[Event "IX C.to Europeo a squadre"]
[Site "Haifa ISR"]
[Date "1989.11.??"]
[Round "1.2"]
[White "Schussler, Harry"]
[Black "Arlandi, Ennio"]
[Result "1/2-1/2"]
[WhiteElo "2540"]
[BlackElo "2395"]
[Annotator "ITA-SWE"]
[PlyCount "63"]
[EventDate "1989.11.23"]

1. d4 Nf6 2. Nf3 d5 3. c4 e6 4. Bg5 Be7 5. Nc3 h6 6. Bh4 O-O 7. e3 b6 8. Bd3
Bb7 9. Bxf6 Bxf6 10. cxd5 exd5 11. O-O c5 12. Rc1 Nd7 13. Qa4 a6 14. Bf5 b5 15.
Qc2 c4 16. b3 Nb6 17. bxc4 Nxc4 18. Nd2 g6 19. Nxc4 bxc4 20. Bg4 Bc6 21. Rb1
Qa5 22. Rb2 Rab8 23. Rfb1 Rxb2 24. Qxb2 Bd8 25. f4 Bc7 26. Qc2 Re8 27. Kf2 Qa3
28. Bf3 Qe7 29. Qc1 Qe6 30. Ne2 Ba5 31. Rb2 Qd6 32. Rb1 1/2-1/2

[Event "IX C.to Europeo a squadre"]
[Site "Haifa ISR"]
[Date "1989.11.??"]
[Round "1.3"]
[White "Tatai, Stefano"]
[Black "Wedberg, Tom"]
[Result "0-1"]
[WhiteElo "2385"]
[BlackElo "2515"]
[Annotator "ITA-SWE"]
[PlyCount "84"]
[EventDate "1989.11.23"]

1. d4 Nf6 2. Nf3 e6 3. c4 c5 4. e3 d5 5. Nc3 Nc6 6. a3 a6 7. dxc5 Bxc5 8. b4
Ba7 9. Bb2 O-O 10. Be2 Qe7 11. O-O Rd8 12. Qc2 dxc4 13. Bxc4 b5 14. Be2 Bb7 15.
Rfd1 Rxd1+ 16. Rxd1 Rc8 17. Qb1 Bb8 18. Ne4 Nxe4 19. Qxe4 Ne5 20. Qd4 f6 21.
Nxe5 Bxe5 22. Qd2 Bxb2 23. Qxb2 Qc7 24. f3 f5 25. Qd4 Bd5 26. e4 fxe4 27. fxe4
Bb3 28. Rf1 e5 29. Qe3 Qc3 30. Qxc3 Rxc3 31. Rf3 Rc1+ 32. Rf1 Rc2 33. Bd1 Rb2
34. Bxb3+ Rxb3 35. Rf3 Rb1+ 36. Rf1 Rb3 37. Rf3 Rxf3 38. gxf3 Kf7 39. Kf2 Kf6
40. Kg2 Kg5 41. Kg3 g6 42. h3 h6 0-1

[Event "IX C.to Europeo a squadre"]
[Site "Haifa ISR"]
[Date "1989.11.??"]
[Round "1.4"]
[White "Hector, Jonny"]
[Black "Marinelli, Tullio"]
[Result "1-0"]
[WhiteElo "2500"]
[BlackElo "2375"]
[Annotator "ITA-SWE"]
[PlyCount "67"]
[EventDate "1989.11.23"]

1. e4 c5 2. Nc3 d6 3. Nge2 Nf6 4. d4 cxd4 5. Nxd4 a6 6. Bg5 e6 7. f4 Be7 8. Qf3
Qc7 9. O-O-O Nbd7 10. g4 b5 11. Bxf6 Nxf6 12. g5 Nd7 13. f5 Nc5 14. f6 gxf6 15.
gxf6 Bf8 16. Qh5 Rg8 17. e5 b4 18. Qxh7 Rg6 19. Bb5+ axb5 20. Ndxb5 Qb8 21.
Nxd6+ Qxd6 22. Rxd6 bxc3 23. Rhd1 Bd7 24. Qh3 Rxa2 25. bxc3 Bxd6 26. exd6 Kd8
27. Qh8+ Be8 28. Qf8 Ra7 29. Rd4 Rd7 30. Rh4 Ra7 31. Rb4 Na6 32. Rb6 Rg4 33.
Kd2 Rg1 34. h4 1-0

[Event "IX C.to Europeo a squadre"]
[Site "Haifa ISR"]
[Date "1989.11.??"]
[Round "1.5"]
[White "Sanna, Gianlazzaro"]
[Black "Ekstroem, Roland"]
[Result "1-0"]
[WhiteElo "2370"]
[BlackElo "2445"]
[Annotator "ITA-SWE"]
[PlyCount "67"]
[EventDate "1989.11.23"]

1. d4 Nf6 2. c4 c5 3. d5 b5 4. cxb5 a6 5. bxa6 Bxa6 6. g3 d6 7. Bg2 g6 8. b3
Bg7 9. Bb2 O-O 10. Nh3 Nbd7 11. Nf4 Nxd5 12. Bxg7 Nxf4 13. gxf4 Kxg7 14. Bxa8
Qxa8 15. f3 d5 16. Nc3 Nf6 17. Na4 Qb8 18. Qd2 Rc8 19. Rc1 Qd6 20. Kf2 d4 21.
b4 cxb4 22. Rxc8 Bxc8 23. Rd1 e5 24. fxe5 Qxe5 25. Qxd4 Qxh2+ 26. Ke1 Ba6 27.
Qe3 Qh4+ 28. Kd2 Qc4 29. Ke1 Qxa2 30. Nc5 Qc4 31. Rc1 Qb5 32. Qe7 b3 33. Kf2
Bc8 34. Ne6+ 1-0

[Event "IX C.to Europeo a squadre"]
[Site "Haifa ISR"]
[Date "1989.11.??"]
[Round "1.6"]
[White "Wessman, Richard"]
[Black "Vallifuoco, Giacomo"]
[Result "1-0"]
[WhiteElo "2350"]
[BlackElo "2370"]
[Annotator "ITA-SWE"]
[PlyCount "47"]
[EventDate "1989.11.23"]

1. d4 d5 2. c4 e6 3. Nc3 Nf6 4. cxd5 exd5 5. Bg5 Be7 6. e3 O-O 7. Bd3 Nbd7 8.
Nge2 Re8 9. Qc2 Nf8 10. O-O c6 11. f3 Ng6 12. Rae1 Qa5 13. Kh1 Be6 14. f4 Bd7
15. f5 Nf8 16. Nf4 h6 17. Bxf6 Bxf6 18. Nh5 Nh7 19. Qf2 Qb6 20. Re2 Re7 21. Qg3
Rae8 22. Rf4 Kh8 23. e4 Qxd4 24. e5 1-0

[Event "IX C.to Europeo a squadre"]
[Site "Haifa ISR"]
[Date "1989.11.??"]
[Round "2.3"]
[White "Berend, Fred"]
[Black "Tatai, Stefano"]
[Result "0-1"]
[WhiteElo "2210"]
[BlackElo "2385"]
[Annotator "ITA-LUX"]
[PlyCount "86"]
[EventDate "1989.11.23"]

1. e4 c5 2. Nc3 Nc6 3. g3 Rb8 4. Nf3 e5 5. Bg2 d6 6. Nd5 Nge7 7. c3 h6 8. d4
cxd4 9. Nxe7 Bxe7 10. cxd4 Bg4 11. dxe5 dxe5 12. Qxd8+ Rxd8 13. O-O Bc5 14. b3
Nd4 15. Nxe5 Be2 16. Re1 Bb4 17. Be3 Bxe1 18. Rxe1 Ba6 19. Bxd4 Rxd4 20. Bf1
Bxf1 21. Kxf1 O-O 22. Nc4 b5 23. Na3 Rc8 24. Re2 a6 25. Nc2 Rd1+ 26. Kg2 a5 27.
Na3 Rc5 28. h4 Rd3 29. Nc2 a4 30. Nb4 Rdc3 31. bxa4 bxa4 32. e5 R5c4 33. Nd5
Rc2 34. Re3 Rxa2 35. Rf3 Rd2 36. Nf4 Re4 37. Ra3 Rb2 38. Nd3 Rb3 39. Kf3 Rd4
40. Rxb3 axb3 41. Ke3 Rd5 42. f4 Rc5 43. Kd4 Rc2 0-1

[Event "IX C.to Europeo a squadre"]
[Site "Haifa ISR"]
[Date "1989.11.??"]
[Round "3.1"]
[White "D'Amore, Carlo"]
[Black "Ftacnik, Lubomir"]
[Result "1/2-1/2"]
[WhiteElo "2410"]
[BlackElo "2550"]
[Annotator "ITA-TCH"]
[PlyCount "107"]
[EventDate "1989.11.23"]

1. Nf3 g6 2. e4 Bg7 3. d4 d6 4. h3 Nd7 5. Nc3 e5 6. dxe5 dxe5 7. Bg5 Ne7 8. Qd2
h6 9. Be3 Nb6 10. Qxd8+ Kxd8 11. O-O-O+ Bd7 12. a4 Nbc8 13. Nd2 a6 14. Nb3 Nd6
15. Be2 h5 16. Bc5 Nec8 17. a5 Be6 18. Nd2 Bh6 19. Kb1 Ke8 20. Nf1 f6 21. Ne3
Bxe3 22. Bxe3 Nc4 23. Bxc4 Bxc4 24. f4 Ne7 25. fxe5 fxe5 26. b3 Be6 27. Na4 Rf8
28. Nc5 Bc8 29. Bh6 Rg8 30. Bg5 Nc6 31. Rhf1 Rf8 32. Rxf8+ Kxf8 33. Rf1+ Kg7
34. Bf6+ Kg8 35. Nd3 b6 36. Bxe5 Nxe5 37. Nxe5 Bb7 38. axb6 cxb6 39. g4 Bxe4
40. Rf4 Bg2 41. Rf6 Be4 42. Rxb6 a5 43. Nxg6 hxg4 44. hxg4 Rd8 45. Kc1 a4 46.
bxa4 Rd4 47. Ne7+ Kf8 48. Nf5 Rxa4 49. Ne3 Ke7 50. Kb2 Bf3 51. Rg6 Be2 52. Rg5
Re4 53. Nd5+ Ke6 54. Nc3 1/2-1/2

[Event "IX C.to Europeo a squadre"]
[Site "Haifa ISR"]
[Date "1989.11.??"]
[Round "3.2"]
[White "Mokry, Karel"]
[Black "Arlandi, Ennio"]
[Result "1-0"]
[WhiteElo "2500"]
[BlackElo "2395"]
[Annotator "ITA-TCH"]
[PlyCount "27"]
[EventDate "1989.11.23"]

1. e4 e5 2. Nf3 Nf6 3. d4 Nxe4 4. Bd3 d5 5. Nxe5 Be7 6. c4 Nf6 7. O-O O-O 8.
Nc3 c6 9. Re1 dxc4 10. Bxc4 Nbd7 11. Nxf7 Rxf7 12. Qb3 Nd5 13. Nxd5 Bd6 14.
Ne7+ 1-0

[Event "IX C.to Europeo a squadre"]
[Site "Haifa ISR"]
[Date "1989.11.??"]
[Round "3.4"]
[White "Meduna, Eduard"]
[Black "Marinelli, Tullio"]
[Result "1-0"]
[WhiteElo "2470"]
[BlackElo "2375"]
[Annotator "ITA-TCH"]
[PlyCount "45"]
[EventDate "1989.11.23"]

1. Nf3 Nf6 2. d4 b6 3. Bg5 Ne4 4. Bh4 g6 5. Nbd2 d5 6. e3 Bg7 7. c4 Bb7 8. cxd5
Bxd5 9. Bb5+ c6 10. Bd3 Nxd2 11. Qxd2 O-O 12. O-O Nd7 13. e4 Be6 14. h3 f6 15.
Rfd1 Qc7 16. Ba6 b5 17. d5 Nc5 18. Rac1 Qb6 19. Rxc5 Qxc5 20. Rc1 Qd6 21. Rxc6
Qd7 22. Rxe6 Rab8 23. Qb4 1-0

[Event "IX C.to Europeo a squadre"]
[Site "Haifa ISR"]
[Date "1989.11.??"]
[Round "3.5"]
[White "Sanna, Gianlazzaro"]
[Black "Haba, Petr"]
[Result "1/2-1/2"]
[WhiteElo "2370"]
[BlackElo "2485"]
[Annotator "ITA-TCH"]
[PlyCount "81"]
[EventDate "1989.11.23"]

1. d4 d5 2. c4 c6 3. Nc3 Nf6 4. e3 g6 5. Nf3 Bg7 6. Bd3 O-O 7. O-O Bg4 8. h3
Bxf3 9. Qxf3 e6 10. b3 Re8 11. Bb2 Nbd7 12. Rad1 Nb6 13. Rfe1 Nc8 14. e4 dxe4
15. Nxe4 Nxe4 16. Bxe4 Nd6 17. Bc3 Qf6 18. Qxf6 Bxf6 19. Bf3 Rad8 20. Ba5 Rd7
21. d5 exd5 22. Rxe8+ Nxe8 23. Bg4 Re7 24. cxd5 cxd5 25. Rxd5 Re5 26. Bf3 Rxd5
27. Bxd5 b6 28. Bb4 Bd4 29. Kf1 Kg7 30. Ke2 Nc7 31. Bc4 b5 32. Bd3 Nd5 33. Bd2
b4 34. Be4 Nc3+ 35. Kd3 Bxf2 36. Bxc3+ bxc3 37. Kxc3 f5 38. Bf3 Kf6 39. b4 Ke5
40. a4 Kf4 41. Kc4 1/2-1/2

[Event "IX C.to Europeo a squadre"]
[Site "Haifa ISR"]
[Date "1989.11.??"]
[Round "4.3"]
[White "Miralles, Gilles"]
[Black "Tatai, Stefano"]
[Result "1/2-1/2"]
[WhiteElo "2445"]
[BlackElo "2385"]
[Annotator "ITA-FRA"]
[PlyCount "48"]
[EventDate "1989.11.23"]

1. c4 e6 2. Nf3 Nf6 3. d4 d5 4. Nc3 Bb4 5. Bg5 Nbd7 6. e3 c5 7. cxd5 exd5 8.
Bb5 Qa5 9. Bxf6 Qxb5 10. Bxg7 Rg8 11. Be5 Rxg2 12. Bg3 Nf6 13. Ne5 Be6 14. Rc1
Ne4 15. dxc5 O-O-O 16. Qd3 Qa5 17. c6 Rg8 18. Kf1 Bxc3 19. cxb7+ Kxb7 20. Nc6
Rxf2+ 21. Bxf2 Bh3+ 22. Ke2 Bg4+ 23. Kf1 Bh3+ 24. Ke2 Bg4+ 1/2-1/2

[Event "IX C.to Europeo a squadre"]
[Site "Haifa ISR"]
[Date "1989.11.??"]
[Round "4.4"]
[White "Sanna, Gianlazzaro"]
[Black "Koch, Jean-Rene"]
[Result "1-0"]
[WhiteElo "2370"]
[BlackElo "2420"]
[Annotator "ITA-FRA"]
[PlyCount "57"]
[EventDate "1989.11.23"]

1. d4 Nf6 2. c4 c5 3. d5 b5 4. cxb5 a6 5. bxa6 g6 6. Nc3 Bxa6 7. e4 Bxf1 8.
Kxf1 d6 9. Nf3 Bg7 10. h3 O-O 11. Kg1 Nbd7 12. Kh2 Qb6 13. Re1 Rfb8 14. Re2 Qa6
15. Kg1 Nb6 16. Rb1 Nfd7 17. Bg5 Bxc3 18. bxc3 f6 19. Bh6 Na4 20. Rxb8+ Rxb8
21. Rc2 Qc4 22. Qf1 Qxe4 23. Re2 Qf5 24. Rxe7 Rb1 25. Ne1 Ne5 26. Qa6 Nb6 27.
Kh2 Qxf2 28. Rxe5 Rxe1 29. Qb7 1-0

[Event "IX C.to Europeo a squadre"]
[Site "Haifa ISR"]
[Date "1989.11.??"]
[Round "4.5"]
[White "Prie, Eric"]
[Black "Vallifuoco, Giacomo"]
[Result "1-0"]
[WhiteElo "2405"]
[BlackElo "2370"]
[Annotator "ITA-FRA"]
[PlyCount "43"]
[EventDate "1989.11.23"]

1. e4 c5 2. Nf3 e6 3. d4 cxd4 4. Nxd4 Nf6 5. Nc3 d6 6. Be3 a6 7. Qd2 b5 8. f3
Nbd7 9. g4 h6 10. O-O-O Bb7 11. Bd3 Nb6 12. h4 Nfd7 13. Qf2 Rc8 14. g5 Rxc3 15.
bxc3 Qc7 16. g6 Nc5 17. gxf7+ Qxf7 18. Nxb5 Nba4 19. Bc4 axb5 20. Bxb5+ Ke7 21.
Rxd6 Kxd6 22. Qg3+ 1-0

[Event "IX C.to Europeo a squadre"]
[Site "Haifa ISR"]
[Date "1989.11.??"]
[Round "4.6"]
[White "Lanzani, Mario"]
[Black "Haik, Aldo"]
[Result "1/2-1/2"]
[WhiteElo "2310"]
[BlackElo "2410"]
[Annotator "ITA-FRA"]
[PlyCount "34"]
[EventDate "1989.11.23"]

1. d4 g6 2. e4 Bg7 3. Nf3 d6 4. h3 Nd7 5. Nc3 e5 6. dxe5 dxe5 7. Bg5 Ngf6 8.
Nxe5 h6 9. Bxf6 Qxf6 10. Nc4 O-O 11. Bd3 Ne5 12. Nxe5 Qxe5 13. O-O g5 14. Rb1
Be6 15. a3 Rad8 16. Qe2 c6 17. Nd1 f5 1/2-1/2

[Event "IX C.to Europeo a squadre"]
[Site "Haifa ISR"]
[Date "1989.11.??"]
[Round "6.1"]
[White "Fernandes, Antonio M."]
[Black "D'Amore, Carlo"]
[Result "1/2-1/2"]
[WhiteElo "2405"]
[BlackElo "2410"]
[Annotator "ITA-POR"]
[PlyCount "41"]
[EventDate "1989.11.23"]

1. d4 d6 2. e4 g6 3. g3 e5 4. Bg2 Nc6 5. Ne2 Bg7 6. Be3 Nf6 7. h3 Nd7 8. O-O
Nb6 9. c3 Nc4 10. Bc1 O-O 11. f4 exd4 12. cxd4 d5 13. e5 Nb6 14. Na3 a5 15. Nc2
a4 16. Ne3 f5 17. Bd2 Be6 18. Bc3 Nd7 19. Qd2 Re8 20. Rfd1 Bf8 21. Bf3 {...}
1/2-1/2

[Event "IX C.to Europeo a squadre"]
[Site "Haifa ISR"]
[Date "1989.11.??"]
[Round "6.2"]
[White "Arlandi, Ennio"]
[Black "Damaso Pereira De Almeida, Rui Miguel"]
[Result "1-0"]
[WhiteElo "2395"]
[BlackElo "2375"]
[Annotator "ITA-POR"]
[PlyCount "83"]
[EventDate "1989.11.23"]

1. d4 e6 2. c4 Bb4+ 3. Bd2 a5 4. e4 Nc6 5. Nf3 d6 6. Nc3 Nf6 7. Qc2 e5 8. a3
Bxc3 9. Bxc3 exd4 10. Nxd4 Bd7 11. Be2 Qe7 12. Nb5 Rc8 13. f3 O-O 14. O-O b6
15. b3 Ne5 16. Qb2 Ne8 17. f4 Ng6 18. Rae1 f6 19. Nd4 Qd8 20. Bd3 c6 21. Kh1
Nc7 22. Re3 Na6 23. Bc2 Qc7 24. Rg3 d5 25. f5 Ne5 26. exd5 cxd5 27. cxd5 b5 28.
b4 axb4 29. axb4 Qc4 30. Qb1 Kh8 31. Bb3 Qc7 32. Qe4 Qd6 33. Ne6 Rf7 34. Qh4
Bxe6 35. fxe6 Rfc7 36. Bd2 Nc4 37. Bf4 Ne5 38. Qh5 g5 39. Bxe5 Qxe5 40. Qh6
Nxb4 41. d6 Qf5 42. Rgf3 1-0

[Event "IX C.to Europeo a squadre"]
[Site "Haifa ISR"]
[Date "1989.11.??"]
[Round "6.4"]
[White "Marinelli, Tullio"]
[Black "Galego, Luis"]
[Result "1/2-1/2"]
[WhiteElo "2375"]
[BlackElo "2345"]
[Annotator "ITA-POR"]
[PlyCount "121"]
[EventDate "1989.11.23"]

1. d4 Nf6 2. c4 e6 3. Nc3 Bb4 4. Qc2 d5 5. cxd5 exd5 6. Bg5 O-O 7. e3 c6 8. Bd3
h6 9. Bh4 Be7 10. Nge2 Re8 11. O-O Nbd7 12. Rae1 a6 13. a3 b5 14. Rc1 Bb7 15.
Bg3 c5 16. dxc5 Nxc5 17. Bf5 Bf8 18. Rfd1 Qe7 19. b4 Nce4 20. Nxe4 Nxe4 21. Bf4
g6 22. Bxe4 dxe4 23. Bd6 Qg5 24. Bxf8 Rxf8 25. Qc7 Bc8 26. Nf4 Bg4 27. Rd5 Rfc8
28. Rxg5 hxg5 29. Nd5 Rxc7 30. Nxc7 Rc8 31. h3 Be2 32. Rc5 Rd8 33. Rc2 Bd3 34.
Rc6 Bc4 35. Rxa6 Rd1+ 36. Kh2 Rf1 37. Kg3 Rg1 38. f3 Re1 39. Ne8 Kf8 40. Nd6
exf3 41. Kxf3 Rf1+ 42. Kg3 Be2 43. Ra7 Bd3 44. e4 f5 45. exf5 gxf5 46. Nf7 g4
47. hxg4 f4+ 48. Kh2 Rf2 49. Nd6 Kg8 50. Rf7 Be2 51. Ne4 Rxg2+ 52. Kxg2 Kxf7
53. Kh3 Ke6 54. Nc3 Bd3 55. Kg2 Ke5 56. Kf3 Bc4 57. g5 Bd3 58. Kg4 Bf5+ 59. Kf3
Bd3 60. Kg4 Bf5+ 61. Kf3 1/2-1/2

[Event "IX C.to Europeo a squadre"]
[Site "Haifa ISR"]
[Date "1989.11.??"]
[Round "6.5"]
[White "Santos, Luis M."]
[Black "Sanna, Gianlazzaro"]
[Result "0-1"]
[WhiteElo "2395"]
[BlackElo "2370"]
[Annotator "ITA-POR"]
[PlyCount "68"]
[EventDate "1989.11.23"]

1. c4 e6 2. Nc3 d5 3. d4 Nf6 4. Nf3 Be7 5. Bg5 h6 6. Bh4 O-O 7. e3 b6 8. Be2
Bb7 9. Bxf6 Bxf6 10. cxd5 exd5 11. b4 c5 12. bxc5 bxc5 13. Rb1 Bc6 14. O-O Nd7
15. Qc2 c4 16. Nd2 Qa5 17. Bf3 Nb6 18. Rfc1 Rfd8 19. Rb2 Be7 20. Ndb1 Rac8 21.
Bd1 g6 22. g3 Bd7 23. Qe2 Rb8 24. Kg2 Bb4 25. a3 Bxc3 26. Nxc3 Qxa3 27. Qd2 Qe7
28. Ra1 Bf5 29. Ra5 Be4+ 30. f3 Bd3 31. Rbb5 Rb7 32. Kf2 Qe6 33. Rb2 Qh3 34.
Kg1 Qf1# 0-1

[Event "IX C.to Europeo a squadre"]
[Site "Haifa ISR"]
[Date "1989.11.??"]
[Round "6.6"]
[White "Vallifuoco, Giacomo"]
[Black "Frois, Antonio"]
[Result "1-0"]
[WhiteElo "2370"]
[BlackElo "2330"]
[Annotator "ITA-POR"]
[PlyCount "87"]
[EventDate "1989.11.23"]

1. d4 Nf6 2. c4 d6 3. Nf3 Nbd7 4. Nc3 e5 5. Bg5 Be7 6. e3 O-O 7. Qc2 c6 8. Be2
Re8 9. O-O Qc7 10. h3 Nf8 11. Bh4 Ng6 12. Bg3 Bf8 13. Rfd1 b6 14. Rac1 Bb7 15.
c5 bxc5 16. dxc5 dxc5 17. Na4 Nd7 18. Ng5 Nf6 19. Bc4 Nd5 20. e4 h6 21. Nxf7
Qxf7 22. Nc3 Red8 23. Qb3 Kh8 24. exd5 cxd5 25. Nxd5 Bxd5 26. Bxd5 Qf6 27. Be4
Nf4 28. Kh2 Ne2 29. Rb1 Rd4 30. Qc2 Nf4 31. f3 Rad8 32. Bf2 Rxd1 33. Rxd1 Qg5
34. g3 Ne6 35. h4 Qe7 36. Rxd8 Qxd8 37. Qb3 Qb6 38. Qd5 Qxb2 39. Kg2 Qb6 40.
Bd3 Qd6 41. Qe4 Kg8 42. Bc4 Kf7 43. Qf5+ Ke7 44. Bxe6 1-0

[Event "IX C.to Europeo a squadre"]
[Site "Haifa ISR"]
[Date "1989.11.??"]
[Round "7.1"]
[White "Gruenfeld, Yehuda"]
[Black "D'Amore, Carlo"]
[Result "1-0"]
[WhiteElo "2530"]
[BlackElo "2410"]
[Annotator "ITA-ISR"]
[PlyCount "67"]
[EventDate "1989.11.23"]

1. e4 e5 2. Nf3 Nc6 3. Bb5 Nge7 4. O-O g6 5. c3 Bg7 6. d4 exd4 7. cxd4 d5 8.
exd5 Nxd5 9. Re1+ Be6 10. Bg5 Qd6 11. Nbd2 O-O 12. Ne4 Qb4 13. Bxc6 bxc6 14.
Qc1 Rfe8 15. a3 Qb6 16. Qd2 f6 17. Nc5 Bg4 18. Bh4 Bf8 19. b4 Bxf3 20. Nd7 Qa6
21. gxf3 g5 22. Bg3 Rad8 23. Nxf8 Kxf8 24. h4 Rxe1+ 25. Rxe1 Qxa3 26. Qe2 gxh4
27. Bxc7 Rc8 28. Bd6+ Kg7 29. Kh2 Rd8 30. Qe4 Qa6 31. Be7 Qc8 32. Rg1+ Kh8 33.
Qxd5 Qc7+ 34. Qe5 1-0

[Event "IX C.to Europeo a squadre"]
[Site "Haifa ISR"]
[Date "1989.11.??"]
[Round "7.2"]
[White "Arlandi, Ennio"]
[Black "Greenfeld, Alon"]
[Result "0-1"]
[WhiteElo "2395"]
[BlackElo "2535"]
[Annotator "ITA-ISR"]
[PlyCount "62"]
[EventDate "1989.11.23"]

1. d4 Nf6 2. c4 e6 3. Nc3 Bb4 4. Qc2 O-O 5. a3 Bxc3+ 6. Qxc3 b6 7. e3 Bb7 8. b3
d6 9. f3 Nbd7 10. Bd3 e5 11. Bf5 Re8 12. Ne2 e4 13. f4 d5 14. c5 Ba6 15. a4 Nf8
16. Ba3 Ng4 17. g3 Nh6 18. Bh3 Ne6 19. Rc1 Qf6 20. Qd2 Qg6 21. Bg2 Nf5 22. O-O
h5 23. Rf2 h4 24. gxh4 Qg4 25. cxb6 cxb6 26. Kh1 Qxh4 27. Nc3 Nexd4 28. Qe1 Nf3
29. Bxf3 exf3 30. Rxf3 Qxe1+ 31. Rxe1 d4 0-1

[Event "IX C.to Europeo a squadre"]
[Site "Haifa ISR"]
[Date "1989.11.??"]
[Round "7.3"]
[White "Liberzon, Vladimir M."]
[Black "Tatai, Stefano"]
[Result "1/2-1/2"]
[WhiteElo "2480"]
[BlackElo "2385"]
[Annotator "ITA-ISR"]
[PlyCount "75"]
[EventDate "1989.11.23"]

1. e4 e6 2. d4 d5 3. Nd2 c5 4. exd5 Qxd5 5. Ngf3 cxd4 6. Bc4 Qd6 7. O-O Nf6 8.
Nb3 Nc6 9. Re1 Be7 10. Nbxd4 Nxd4 11. Nxd4 O-O 12. c3 Bd7 13. Qf3 Rac8 14. Bf4
Qb6 15. Bb3 Bc6 16. Nxc6 Qxc6 17. Qxc6 Rxc6 18. Rad1 Rcc8 19. Rd3 Rfd8 20. Red1
Rxd3 21. Rxd3 Kf8 22. Kf1 Bc5 23. f3 Ke7 24. Ke2 a6 25. c4 Nh5 26. Bd2 Bd6 27.
g3 Nf6 28. a3 Nd7 29. Ba2 Rc5 30. f4 Rc8 31. b4 b6 32. Bc3 g6 33. Re3 a5 34.
bxa5 bxa5 35. Bxa5 Ra8 36. Bd2 Rxa3 37. Rxa3 Bxa3 38. g4 1/2-1/2

[Event "IX C.to Europeo a squadre"]
[Site "Haifa ISR"]
[Date "1989.11.??"]
[Round "7.4"]
[White "Sanna, Gianlazzaro"]
[Black "Manor, Ilan"]
[Result "1/2-1/2"]
[WhiteElo "2370"]
[BlackElo "2445"]
[Annotator "ITA-ISR"]
[PlyCount "168"]
[EventDate "1989.11.23"]

1. d4 Nf6 2. c4 e6 3. Nc3 c5 4. Nf3 a6 5. e4 cxd4 6. Nxd4 Bb4 7. Bd3 Bxc3+ 8.
bxc3 Qa5 9. O-O Qxc3 10. Be3 Nc6 11. Nxc6 dxc6 12. Rc1 Qa5 13. Qb3 O-O 14. f4
b5 15. e5 bxc4 16. Qxc4 Nd5 17. Bc5 Rd8 18. g4 Rb8 19. Rf2 Rb5 20. a4 Rxc5 21.
Qxc5 Qxa4 22. Qxc6 Qxc6 23. Rxc6 Bb7 24. Rd6 Rc8 25. Rb2 Ba8 26. Bxa6 Rf8 27.
f5 Ne3 28. fxe6 fxe6 29. h3 Bd5 30. Rdb6 Nd1 31. Rd2 Ne3 32. Rf2 Ra8 33. Re2
Nd1 34. Rc2 Ra7 35. Kh2 h6 36. Kg3 Rf7 37. Be2 Nf2 38. Kh2 Kh7 39. Rc1 Kg6 40.
Bf1 Kg5 41. Bg2 Nd3 42. Rf1 Rxf1 43. Bxf1 Nxe5 44. Kg3 Kf6 45. Bg2 Bxg2 46.
Kxg2 g5 47. Kg3 Ng6 48. Rb7 Ne5 49. Rb6 Ng6 50. Ra6 Nh4 51. Kf2 Ng6 52. Kf3
Nh4+ 53. Ke4 Ng6 54. Ra5 Nh4 55. Ra7 Ng2 56. Ra2 Nh4 57. Rb2 Ng6 58. Rf2+ Ke7
59. Rf1 Nh4 60. Ra1 Kf6 61. Ra7 Ng2 62. Rh7 Kg6 63. Rh8 Kg7 64. Ra8 Kf7 65. Ke5
Nf4 66. Ra7+ Kg6 67. Ra3 h5 68. Rg3 hxg4 69. hxg4 Kf7 70. Ra3 Ng6+ 71. Kd6 Nf4
72. Ra7+ Kf6 73. Ra8 Kf7 74. Ke5 Ng6+ 75. Kd6 Nf4 76. Rh8 Kg7 77. Rh2 Kf7 78.
Rh6 Kg7 79. Rh2 Kf7 80. Rh1 Kf6 81. Re1 Kf7 82. Re4 Kf6 83. Re5 Kg6 84. Ke7
Nd5+ 1/2-1/2

[Event "IX C.to Europeo a squadre"]
[Site "Haifa ISR"]
[Date "1989.11.??"]
[Round "7.6"]
[White "Lanzani, Mario"]
[Black "Kosashvili, Yona"]
[Result "1/2-1/2"]
[WhiteElo "2310"]
[BlackElo "2425"]
[Annotator "ITA-ISR"]
[PlyCount "80"]
[EventDate "1989.11.23"]

1. e4 e5 2. Bc4 Nc6 3. Nf3 Bc5 4. O-O Nf6 5. d4 Bxd4 6. Nxd4 Nxd4 7. f4 d6 8.
fxe5 dxe5 9. Bg5 Be6 10. Nd2 Qe7 11. c3 Qc5 12. b4 Qb6 13. Bxf6 gxf6 14. Kh1
Nb5 15. a4 Bxc4 16. Nxc4 Qe6 17. Ne3 Nd6 18. Nd5 O-O-O 19. Rxf6 Qd7 20. Qf3 h5
21. c4 Rhf8 22. b5 Qg4 23. Rf1 Rd7 24. Qf2 Kb8 25. Nxc7 Qxe4 26. Rd1 Rfd8 27.
b6 Nc8 28. bxa7+ Nxa7 29. Rxd7 Rxd7 30. Nd5 Qxc4 31. Ne3 Qxa4 32. Rxf7 Qa1+ 33.
Nf1 Rxf7 34. Qxf7 Nc6 35. h3 h4 36. Kh2 Qd1 37. Kh1 Nb4 38. Qe8+ Kc7 39. Qe7+
Kc6 40. Qf6+ Kd7 1/2-1/2

[Event "IX C.to Europeo a squadre"]
[Site "Haifa ISR"]
[Date "1989.11.??"]
[Round "8.1"]
[White "D'Amore, Carlo"]
[Black "Yrjola, Jouni"]
[Result "1/2-1/2"]
[WhiteElo "2410"]
[BlackElo "2460"]
[Annotator "ITA-FIN"]
[PlyCount "64"]
[EventDate "1989.11.23"]

1. Nf3 f5 2. g3 Nf6 3. Bg2 g6 4. c3 Bg7 5. Qb3 Nc6 6. d3 e5 7. e4 fxe4 8. Ng5
Qe7 9. Nxe4 Nxe4 10. Bxe4 Nd8 11. Bg2 c6 12. O-O d5 13. c4 dxc4 14. Qxc4 Be6
15. Qc2 O-O 16. Be3 Qd7 17. Nd2 Bd5 18. Ne4 Ne6 19. Rad1 b6 20. Nc3 Bxg2 21.
Kxg2 Nf4+ 22. Kg1 Nd5 23. Kg2 Nf4+ 24. Kh1 Nd5 25. Kg2 Qg4 26. Qe2 Qxe2 27.
Nxe2 Rad8 28. Bg5 Rd7 29. Rc1 c5 30. Rfe1 Nc7 31. b3 Ne6 32. Be3 a5 1/2-1/2

[Event "IX C.to Europeo a squadre"]
[Site "Haifa ISR"]
[Date "1989.11.??"]
[Round "8.2"]
[White "Westerinen, Heikki M.J."]
[Black "Arlandi, Ennio"]
[WhiteElo "2435"]
[BlackElo "2395"]
[Result "1/2-1/2"]
[Annotator "ITA-FIN"]
[PlyCount "71"]
[EventDate "1989.11.23"]

1. e4 e5 2. f4 exf4 3. Bc4 Nf6 4. Nc3 c6 5. d4 Bb4 6. e5 Ne4 7. Qh5 d5 8. exd6
O-O 9. Nge2 Nxd6 10. Bd3 g6 11. Qh6 Bf5 12. Bxf5 Nxf5 13. Qxf4 Re8 14. Kf2 Bd6
15. Qg5 Be7 16. Qf4 Bd6 17. Qg5 Qb6 18. Rd1 h6 19. Qg4 Nd7 20. Kg1 Nf6 21. Qf3
Be5 22. Kh1 Nxd4 23. Nxd4 Bxd4 24. Bxh6 Qxb2 25. Ne2 Be5 26. c3 Qb6 27. Rf1 Qc7
28. Rf2 Nh7 29. Qg4 Re7 30. Raf1 Bg7 31. Bxg7 Kxg7 32. Ng3 Kh8 33. Qd4+ Kg8 34.
Qg4 Kh8 35. Qd4+ Kg8 36. Qg4 1/2-1/2

[Event "IX C.to Europeo a squadre"]
[Site "Haifa ISR"]
[Date "1989.11.??"]
[Round "8.4"]
[White "Rantanen, Yrjo A."]
[Black "Marinelli, Tullio"]
[Result "1-0"]
[WhiteElo "2380"]
[BlackElo "2375"]
[Annotator "ITA-FIN"]
[PlyCount "73"]
[EventDate "1989.11.23"]

1. e4 c5 2. Nf3 d6 3. d4 cxd4 4. Nxd4 Nf6 5. Nc3 a6 6. a4 e5 7. Nde2 Be6 8. g3
Be7 9. Bg2 O-O 10. h3 Nc6 11. Nd5 Rc8 12. O-O Re8 13. b3 b5 14. axb5 axb5 15.
Be3 Nd7 16. Nec3 Bxd5 17. Nxd5 Bg5 18. Bxg5 Qxg5 19. h4 Qd8 20. Bh3 Rb8 21. Ra6
Qc8 22. Rb6 Rb7 23. b4 Nd4 24. Rxd6 Ne6 25. c3 Ndf8 26. Qd3 Qa8 27. Rd1 h6 28.
Ne3 Rc8 29. Nf5 Rc4 30. Ne3 Rc8 31. Qd5 Rxc3 32. Qxe5 Rc8 33. Nf5 Re8 34. Qb2
Rc7 35. Bg2 Qc8 36. R6d2 Rc4 37. Nd6 1-0